00876pam a2200241 a 4500001000500000005001700005020001500022040002300037050002200060082001200082100002600094245004400120250004600164260003500210300006100245505000800306520022000314521002000534521002000554650001800574650002100592650002100613356820240320155520.0 a0590470671 aDLCcDLCdDLCbeng00aPZ8.3.C3133b199200a808.0681 aCauley, Lorinda Bryan10aClap your hands /cLorinda Bryan Cauley aFirst Scholastic printing , February 1993 aNew York :bScholastic, c1992 a32 unnumbered pages : bcolor illustrations ; c22 cm .  aG  aRhyming text instructs the listener to find something yellow, roar like a lion, give a kiss, tell a secret, spin in a circle, and perform other playful activities along with the human and animal characters pictured. a410 bLexile  aG bRaz-Plus  1aPlayxFiction 1aAnimalsxFiction 1aStories in rhyme